000 nam a22 7a 4500
999 _c43786
_d43786
003 OSt
005 20180220162625.0
008 180220b xxu||||| |||| 00| 0 eng d
040 _cSERO SOFT
100 _aVANKHEDE,PROF.SANTOSH KUMAR
245 _aSHEKSHIK TAKNIKI AVAM SHARIKIK SHISHA MEIN VIDHI
260 _aNEW DELHI
_bSPORTS PUBLICATION
300 _a248
942 _2ddc
_c01